000 00345 a2200133 4500
245 _aWithout a name
_hprint
020 _a0908311788
700 _aVera, Yvonne.
650 _aliterature
005 20191017172949.0
260 _arh
_bBaobab Books
_c1994
084 _aMLCS 94/14815 (P)
300 _a104 p. : ill.
_b 21 cm.
_c104 p. : ill. ; 21 cm.
500 _aYvonne Vera.
999 _c9613
_d9613